| 000 | 00751nam a2200241 a 4500 | ||
|---|---|---|---|
| 001 | 000046664 | ||
| 003 | DO-SdBNP | ||
| 005 | 20240302073951.0 | ||
| 007 | ta | ||
| 008 | 180315s2014 dr a 000 0 spa d | ||
| 020 | _a9789945468236 | ||
| 040 |
_aDO-SdBNP _bspa _cBNPHU |
||
| 082 | 4 | _222 | |
| 100 | 1 |
_aCassá, Roberto, _d1948- _910888 |
|
| 245 | 1 | 0 |
_aGaspar Polanco : _bprimer jefe de la restauración / _cRoberto Cassá ; ilustraciones José Mercader. |
| 260 |
_aSanto Domingo : _bTobogán, _c2014. |
||
| 300 |
_a64 p. : _bil. ; _c23 cm. |
||
| 490 | 1 | _aBiografías dominicanas tobogán ; | |
| 590 | _aInventariado, 2018 /BT | ||
| 700 | 1 |
_aMercader, José, _eil. _956560 |
|
| 830 | 0 |
_aBiografías dominicanas tobogán ; _9769 |
|
| 942 |
_2ddc _cLBS1 |
||
| 999 |
_c46153 _d46153 |
||